000 00391nam a2200157Ia 4500
008 151213s9999 xx 000 0 und d
100 _aDr. S.K.Kappor
245 _aInternational Law & Human Rights
_cDr. S.K.Kappor
250 _a12th
260 _aAllahabad
_bCentral Law Agency
_c2003
300 _a5975 p.
650 _aLaw
650 _aLaw
700 _aDr. S.K.Kappor
999 _c3439
_d3439